00513 2200193 4500001002100000005001500021035002000036007000300056008004100059020002200100082000800122084001400130100002000144245004500164250001100209260004800220300003300268650001800301INLIS00000000000117820210929081127 a0010-0921000077ta210929 d f ind  a978-602-064-789-0 a823 a823 STE m0 aStephenie Meyer1 aMatahari Tengah Malam /cStephenie Meyer acet. 2 aJakarta :bPT Gramedia Pustaka Utama,c2020 a1016 hlm. ;c13,5 cm x 20 cm anovel inggris